000 00469nam a22001697a 4500
005 20240603125618.0
008 240603b |||||||| |||| 00| 0 eng d
020 _a9780071809276
082 _a005.6
100 _aWillard, Willard
245 _aHTML :
_ba beginner's guide ;
_cWendy Willard
260 _aUSA:
_bMcGraw-Hill;
_c2013.
300 _a467 p. :
_bill;
_c24 cm.
500 _ainclude index.
650 _acomputer science/ Web Operating system
999 _c35834
_d35834